000 00635nam a2200193 i 4500
001 51314
003 ES-MaACL
005 20250902221354.0
007 t|
008 030812s1969 sp ||||1| spa d
100 1 _aCharon, Pierre.
_938102
245 1 0 _aMétodos sencillos y prácticos para el cálculo del hormigón armado /
_cpor Pierre Charon ; traducido por A. Moreno Zarceño.
260 _aBilbao :
_bUrmo,
_c[1969]
300 _a1 v. :
_bil. ;
_c24 cm.
650 7 _aEstructuras de hormigón armado
_2embne
_9164177
700 1 _aMoreno Zarceño, A.
_983449
852 _aES-MaACL
_jP-1615
_bR.72497
999 _c51314
_d51314